| 000 | nam a22 7a 4500 | ||
|---|---|---|---|
| 999 |
_c29332 _d29332 |
||
| 008 | 171127b xxu||||| |||| 00| 0 eng d | ||
| 020 | _a9788170356073 | ||
| 050 | _aSH 57085 .C43 2009 | ||
| 100 |
_aChitterjee D.K, Adhikari. _d2009. |
||
| 245 |
_aManagement of Tropical Freshwater Fish Ponds / _cChitterjee D.K, Adhikari. |
||
| 250 | _a1st ed. | ||
| 260 |
_aIndia: _bDaya, _c2009. |
||
| 300 |
_axiii,132p. : _bill. ; _c15cm. |
||
| 650 | _aTropical fish. | ||
| 942 |
_2lcc _cBOOKS _hSH 57.85 .C43 2009 |
||